| 000 | 00736nam a2200181Ia 4500 | ||
|---|---|---|---|
| 008 | 151202s9999||||xx |||||||||||||| ||und|| | ||
| 082 | _bPNVM-40103 | ||
| 100 | _aकृष्णकुमार-अनु. भागवत शोभा. | ||
| 245 | _aविश्व आपलं कुटुंब. | ||
| 260 | _b"उन्मेश प्रकाशन,पुणे." | ||
| 260 | _c1993 | ||
| 300 | _a109 | ||
| 600 | _aकृष्णकुमार-अनु. भागवत शोभा. | ||
| 630 | _aविश्व आपलं कुटुंब. | ||
| 700 | _aकृष्णकुमार-अनु. भागवत शोभा. | ||
| 730 | _aविश्व आपलं कुटुंब. | ||
| 942 | _cBOOK | ||
| 999 |
_c1306055 _d1306052 |
||